Tennis - Daria Kasatkina - Statistics

General Stats
  • This quiz has been taken 38 times
    28 since last reset
  • The average score is 10 of 22
Answer Stats
Hint Answer % Correct
Country Russia
96%
Best Grand Slam result 1/2
92%
Best result at the Olympic Games 1/4
88%
Number of consecutive defeats against this player (2016-2022) 7
75%
Number of titles 7
75%
Professional career beginning 2014
71%
Best ranking 10
67%
Year 2016
63%
Fed Cup victory 2021
50%
Unique title in double (2015) Moscow
46%
Most important one (2021) Saint-Petersburg
46%
Born in 1997
42%
Backhand 2 handed
42%
Year 2022
38%
Grand Slam 1 Roland Garros
33%
Laterality Right handed
21%
Best Premier Mandatory (WTA 1000) result Finale
13%
Defeated by Madison Keys
13%
Final opponent Naomi Osaka
13%
First one (2017) Charleston
8%
Tournament and year Indian Wells 2018
8%
Partner Elena Vesnina
0%
No matching quizzes found
Score Distribution
Percent of People with Each Score
Percentile by Number Answered
Your Score History
You have not taken this quiz since the last reset